|
|
|
|
| LEADER |
00000nas a2200000 a 4500 |
| 001 |
ssj0000651254 |
| 003 |
WaSeSS |
| 005 |
20200512172242.0 |
| 006 |
m d |
| 007 |
cr n |
| 008 |
110509c20119999xxkmr pss 0 0eng c |
| 010 |
|
|
|a 2012238441
|
| 022 |
|
|
|a 2053-0692
|l 1799-2591
|y 1799-2591
|
| 035 |
|
|
|a (WaSeSS)ssj0000651254
|
| 040 |
|
|
|a AU@
|b eng
|c AU@
|d IUL
|d OCLCQ
|d CUS
|d OCLCO
|d CUS
|d OCLCQ
|d OCLCF
|d OCLCO
|d OCLCQ
|d BUF
|d VT2
|d SERSO
|d WaSeSS
|
| 042 |
|
|
|a pcc
|
| 050 |
|
4 |
|a P1
|b .T54
|
| 222 |
|
0 |
|a Theory and practice in language studies
|b (Online)
|
| 245 |
0 |
0 |
|a Theory and practice in language studies
|h [electronic resource].
|
| 246 |
3 |
|
|a TPLS
|
| 260 |
|
|
|3 2011-December 2014 :
|a [Oulu, Finland] :
|b Academy Publisher,
|c 2011-
|
| 260 |
3 |
|
|3 January 2015- :
|a [United kingdom] :
|b Academy Publication
|
| 310 |
|
|
|a Monthly
|
| 362 |
1 |
|
|a Began in 2011.
|
| 506 |
|
|
|a License restrictions may limit access.
|
| 588 |
|
|
|a Description based on: Vol. 1, no. 1 (Jan. 2011); title from PDF caption (publisher's Web site, viewed Apr. 26, 2011).
|
| 588 |
|
|
|a Latest issue consulted: Vol. 5, no. 4 (Apr. 2015).
|
| 650 |
|
0 |
|a Language and languages
|v Periodicals.
|
| 650 |
|
0 |
|a Language acquisition
|v Periodicals.
|
| 650 |
|
0 |
|a Linguistics
|v Periodicals.
|
| 650 |
|
0 |
|a Language and education
|v Periodicals.
|
| 650 |
|
7 |
|a Language acquisition.
|2 fast
|0 (OCoLC)fst00992119
|
| 650 |
|
7 |
|a Language and education.
|2 fast
|0 (OCoLC)fst00992142
|
| 650 |
|
7 |
|a Language and languages.
|2 fast
|0 (OCoLC)fst00992154
|
| 650 |
|
7 |
|a Linguistics.
|2 fast
|0 (OCoLC)fst00999202
|
| 655 |
|
0 |
|a Electronic journals.
|
| 856 |
4 |
0 |
|z Full text available from Research Library: 01/01/2012 to present
|u https://search.proquest.com/publication/2026476
|